| 000 | 00635cam a2200181 a 4500 | ||
|---|---|---|---|
| 020 | _a0899080782 (lib. bdg.) | ||
| 040 | _cDLC | ||
| 082 | 0 | 0 | _a575 GRE 1990 A035 Or. |
| 100 | 1 | _aBailey, Marilyn. | |
| 245 | 1 | 0 |
_aEvolution : _bopposing viewpoints / |
| 260 |
_aSan Diego, Calif. : _bGreenhaven Press, _cc1990. |
||
| 300 |
_a112 p. : _bill. ; _c24 cm. |
||
| 490 | 1 | _aGreat mysteries | |
| 520 | _aPresents differing views of experts on the origins of earth and its creatures. Explores the Bible story, Darwinian theories, fossils, and carbon-dating techniques. | ||
| 650 | 0 | _aEvolution (Biology) | |
| 650 | 1 | _aEvolution. | |
| 942 | _cEK | ||
| 999 |
_c12620 _d12620 |
||